UM Logo

Adaptive positioning control of servomotor based on model identification / (Record no. 19194)

MARC details
000 -LEADER
fixed length control field 01056nam a22002537a 4500
003 - CONTROL NUMBER IDENTIFIER
control field OSt
005 - DATE AND TIME OF LATEST TRANSACTION
control field 20250911155735.0
008 - FIXED-LENGTH DATA ELEMENTS--GENERAL INFORMATION
fixed length control field 240219b ||||| |||| 00| 0 eng d
040 ## - CATALOGING SOURCE
Transcribing agency 0
082 ## - DEWEY DECIMAL CLASSIFICATION NUMBER
Classification number DPer 621.317 Ie21 May 2022 v. 37 no. 5
100 ## - MAIN ENTRY--PERSONAL NAME
Personal name Liu, Fang.
Relator term author.
9 (RLIN) 52622
245 ## - TITLE STATEMENT
Title Adaptive positioning control of servomotor based on model identification /
Statement of responsibility, etc. Fang Liu, Hui Peng, Dingyun Zhang, Xinjie Huang, Li Tong, Rui Wu, and Xiaoyan Peng.
260 ## - PUBLICATION, DISTRIBUTION, ETC. (IMPRINT)
Place of publication, distribution, etc. New York ;
Name of publisher, distributor, etc. The Institute of Electrical and Electronics Engineers, Inc. ,
Date of publication, distribution, etc. May 2022.
300 ## - PHYSICAL DESCRIPTION
Extent Volume 37, pages 5272-5283 :
Other physical details illustration ;
Dimensions 28 cm.
500 ## - GENERAL NOTE
General note IEEE Transaction on Power Electronics, vol. 91, no. 5, pages 5272-5283, January 2020.
700 ## - ADDED ENTRY--PERSONAL NAME
Personal name Liu, Fang.
Relator term author.
9 (RLIN) 52622
700 ## - ADDED ENTRY--PERSONAL NAME
Personal name Peng, Hui.
Relator term author.
9 (RLIN) 52623
700 ## - ADDED ENTRY--PERSONAL NAME
Personal name Zhang, Dingyun.
Relator term author.
9 (RLIN) 52624
700 ## - ADDED ENTRY--PERSONAL NAME
Personal name Huang, Xinjie.
Relator term author.
9 (RLIN) 52625
700 ## - ADDED ENTRY--PERSONAL NAME
Personal name Tong, Li.
Relator term author.
9 (RLIN) 52626
700 ## - ADDED ENTRY--PERSONAL NAME
Personal name Wu, Rui.
Relator term author.
9 (RLIN) 52627
700 ## - ADDED ENTRY--PERSONAL NAME
Personal name Peng, Xiaoyan.
Relator term author.
9 (RLIN) 52628
942 ## - ADDED ENTRY ELEMENTS (KOHA)
Source of classification or shelving scheme Dewey Decimal Classification
Koha item type Periodicals
Holdings
Withdrawn status Lost status Source of classification or shelving scheme Damaged status Not for loan Collection code Home library Current library Date acquired Total Checkouts Full call number Date last seen Price effective from Koha item type Public note
    Dewey Decimal Classification     Periodicals UM Digos College - LIC UM Digos College - LIC 02/19/2024   DPer 621.317 Ie21 May 2022 v. 37 no. 5 02/19/2024 02/19/2024 Periodicals Periodical Article